00683 a2200205 450000500170000000800410001702000150005804000510007304100080012410000100013224501010014226000410024330000400028449000150032465000350033965000240037465000210039870000200041970000380043920180312141945.0131009s1993 sp a br|||| 00| 0 spa d a8426127347 aCO-BoUCMbspacJose A. GerenadDiana Londoño00aspa0 aDerib10aYakari el primer galopecDerib ; [ilustraciones de] Job ; traducción de Concepción Zendrera c1993bJuventudaBarcelona (España) a48 páginasbilustraciones a color aYakariv16 7aLibros ilustrados para niños 7aLiteratura infantil 7aLiteratura suiza0 aJobeilustrador1 aZendrera, Concepciónetraductor